| 000 | 01277nam a2200337Ia 4500 | ||
|---|---|---|---|
| 001 | Z_6896 | ||
| 003 | CHAP | ||
| 005 | 20230207152625.0 | ||
| 008 | 220113s2016 xx 000 0 und d | ||
| 010 | _a170169 | ||
| 040 | _cCHAP | ||
| 090 | _aTesis C36 2515 | ||
| 100 |
_aCandia López, Pedro Alberto _9131701 |
||
| 245 |
_aComplementación con ácido palmítico y linoleico conjugado protegidos a vacas en pastoreo: respuesta en características productivas / _cPedro Alberto Candia López |
||
| 260 |
_aMéxico : _bEl autor, _c2016 |
||
| 300 | _a40 p. | ||
| 502 | _aTesis (Ingeniero Agrónomo Especialista en Zootecnia) -- UACh, 2016 \ Dirección: Omar Hernández Mendo; asesoría: Pedro Arturo Martínez Hernández y José Ayala Oseguera | ||
| 650 |
_aConsumo de materia seca _9145903 |
||
| 650 |
_aGanado Vacuno _945425 |
||
| 650 |
_aGrasa en leche _9146280 |
||
| 650 |
_aProducción de leche _9144340 |
||
| 700 |
_a Ayala Oseguera, José, asesor _9142549 |
||
| 700 |
_a Martínez Hernández, Pedro Arturo, asesor _9137925 |
||
| 700 |
_aHernández Mendo, Omar, director _9146281 |
||
| 856 | 4 | 2 |
_uhttp://10.13.5.2/tesis/sist112992.pdf _yDescargar PDF |
| 901 | _aTESIS C36 2515 | ||
| 902 | _aM | ||
| 910 | _a2016 | ||
| 942 |
_c2 _2ddc |
||
| 942 |
_c2 _2ddc |
||
| 999 |
_c170169 _d170169 |
||